Normal view MARC view
  • United Nations Human Settlements Programme

Entry Corporate Name

Number of records used in: 1

001 - CONTROL NUMBER

  • control field: 5805

003 - CONTROL NUMBER IDENTIFIER

  • control field: SIRSI

005 - DATE AND TIME OF LATEST TRANSACTION

  • control field: 20190806150246.0

008 - FIXED-LENGTH DATA ELEMENTS

  • fixed length control field: 091109n| acannaabn |n ana d

040 ## - CATALOGING SOURCE

  • Original cataloging agency: OSt
  • Transcribing agency: OSt

110 2# - HEADING--CORPORATE NAME

  • Corporate name or jurisdiction name as entry element: United Nations Human Settlements Programme

670 ## - SOURCE DATA FOUND

  • Source citation: How to establish an effective land sector, 2008